Admission Requirements Business Economics and Management
Salvato in:
| Ente Autore: | |
|---|---|
| Altri autori: | , |
| Natura: | Libro |
| Lingua: | inglese |
| Pubblicazione: |
Bratislava
Vydavateľstvo EKONÓM
2014
|
| Soggetti: | |
| Tags: |
Nessun Tag, puoi essere il primo ad aggiungerne!!
|
MARC
| LEADER | 00000nlm a2200000 4500 | ||
|---|---|---|---|
| 001 | 0184415 | ||
| 005 | 20240509104821.3 | ||
| 020 | |a 978-80-225-3736-0 | ||
| 041 | 0 | |a eng | |
| 044 | |a SK | ||
| 245 | 1 | 0 | |a Admission Requirements |b Business Economics and Management |c redakčné a zostaviteľské práce: Gabriela Dubcová, Denisa Gajdová |
| 264 | 1 | |a Bratislava |b Vydavateľstvo EKONÓM |c 2014 | |
| 300 | |a CD-ROM [41 s.] | ||
| 610 | 2 | 0 | |a hospodárstvo podnikové |
| 610 | 2 | 0 | |a riadenie podnikové |
| 610 | 2 | 0 | |a podnikanie |
| 610 | 2 | 0 | |a matematika |
| 610 | 2 | 0 | |a angličtina |
| 700 | 1 | |a Dubcová, Gabriela, 1968- | |
| 700 | 1 | |a Gajdová, Denisa, 1977- | |
| 710 | 2 | |a Ekonomická univerzita v Bratislave. Fakulta podnikového manažmentu | |